NLSUI OPAC header image

Incorporation of company and its tax liabilities vis-a-vis incorporation (Record no. 216857)

MARC details
000 -LEADER
fixed length control field 01535nam a2200157Ia 4500
005 - DATE AND TIME OF LATEST TRANSACTION
control field 20260209120125.0
008 - FIXED-LENGTH DATA ELEMENTS--GENERAL INFORMATION
fixed length control field 260209s9999||||xx |||||||||||||| ||und||
100 ## - MAIN ENTRY--PERSONAL NAME
Personal name Suman Dutta
245 #0 - TITLE STATEMENT
Title Incorporation of company and its tax liabilities vis-a-vis incorporation
260 ## - PUBLICATION, DISTRIBUTION, ETC.
Place of publication, distribution, etc. BangaloreBangalore
Name of publisher, distributor, etc. NLSIU
Date of publication, distribution, etc. 2008
300 ## - PHYSICAL DESCRIPTION
Extent 95 p. ; 25 cm.
505 ## - FORMATTED CONTENTS NOTE
Formatted contents note Contents Chapter I Introduction; Chapter" Incorporation of a Company; • Meaning of incorporation; • Reasons for incorporation; • Various modes of incorporation; • Certificate of incorporation and its effect; Chapter III Types of Company; • Companies under the Companies Act; • Companies under the IT Act.; Chapter IV Steps to Formation of a Company; • Planning stage; • Promotional stage; • Registration of certain documents; Chapter IV Promotion of a Company; • Who is a promoter; • What is the relation between the promoter and the company?; • The fiduciary duties of the promoters; • Functions' of the promoter; • Promoter's liability; • Remuneration of the promoter; Chapter V Preliminary Contracts/ Pre-incorporation Contracts; Chapter VI How does property gets transferred from promoters to the incorporated company?; Chapter VII Tax Implications; • Tax on pre-incorporation profit; • Taxation and setting up of business; Conclusion.
650 ## - SUBJECT ADDED ENTRY--TOPICAL TERM
Topical term or geographic name entry element Formation of a Company Promation of a Company Types of Company
700 ## - ADDED ENTRY--PERSONAL NAME
Personal name Prof. N R Krishnan - GuideProf. N R Krishnan - Guide
856 ## - ELECTRONIC LOCATION AND ACCESS
Uniform Resource Identifier <a href="https://dans.nls.ac.in/handle/123456789/1431">https://dans.nls.ac.in/handle/123456789/1431</a>
Holdings
Withdrawn status Lost status Damaged status Not for loan Home library Current library Date acquired Total Checkouts Barcode Date last seen Price effective from Koha item type
        . . 09.02.2026   LLM222 09.02.2026 09.02.2026 Dissertation